Typologické podklady pěstování lesů /

Hlavní autor: Plíva, Karel, 1922-2011
Další autoři: Průša, Eduard, 1921-2001
Jazyk: Čeština
Vydáno: Praha : Státní zemědělské nakladatelství, 1969
Vydání: 1. vyd.
Edice: Lesnická knihovna. Malá řada (Státní zemědělské nakladatelství)
Lesnictví a myslivost
Externí odkaz: Digitální knihovna AV ČR
Fyzický popis: 401 s. : il. ; 21 cm
Knihy
Uloženo v:
LEADER 01238nam a2200313 a 4500
001 000019102
003 CZ BrMZK
005 20250505095042.0
007 ta
008 950313s1969 xr a f 000 0 cze d
015 |a cnb000451586 
035 |a (OCoLC)42117297 
040 |a BOA001  |b cze 
100 1 |a Plíva, Karel,  |d 1922-2011  |7 jk01093485  |4 aut 
245 1 0 |a Typologické podklady pěstování lesů /  |c Karel Plíva, Eduard Průša 
250 |a 1. vyd. 
260 |a Praha :  |b Státní zemědělské nakladatelství,  |c 1969 
300 |a 401 s. :  |b il. ;  |c 21 cm 
490 1 |a Lesnická knihovna. Malá řada ;  |v sv. 96 
490 1 |a Lesnictví a myslivost 
500 |a 1500 výt. 
504 |a Obsahuje bibliografii 
700 1 |a Průša, Eduard,  |d 1921-2001  |7 js20020415002  |4 aut 
830 0 |a Lesnická knihovna.  |p Malá řada (Státní zemědělské nakladatelství)  |0 s 
830 0 |a Lesnictví a myslivost  |0 s 
856 4 1 |u https://kramerius.lib.cas.cz/uuid/uuid:43677646-9320-4590-9ade-58cd4d211441  |y Digitální knihovna AV ČR 
910 |a BOA001  |b 2-0632.990 
990 |a BK 
996 6 |b 2610019750  |c 2-0632.990  |l Sklad H1  |r Sklad / do 24 hodin  |n 10  |p náhrada za ztrátu. Titl. list je xerokop  |h HS212  |w 000019102  |u 000020  |a 1  |e BOA001  |j MZK50  |s P